| 000 | 00347nam a2200145 a 4500 | ||
|---|---|---|---|
| 001 | 3256 | ||
| 003 | CDMR | ||
| 005 | 20130116135242.0 | ||
| 008 | 130130s1973||||||||||||||||||||||||||||d | ||
| 040 |
_aCDMR _bcat _cCDMR |
||
| 100 | 1 |
_aFinkelstein, Sidney _92355 |
|
| 245 | 1 | 0 | _aPros y contras de Mac Luhan |
| 260 |
_aMéxico _c1973 _bGrijalbo |
||
| 942 | _cMON | ||
| 999 |
_c3256 _d3256 |
||